5HLuxD.jpg

KING HENRY VIII SENIOR AND PRIMARY SCHOOL LIBRARY OPAC

BEST FRIENDS (Record no. 4099)

000 -LEADER
fixed length control field 00975nam a22002657a 4500
005 - DATE AND TIME OF LATEST TRANSACTION
control field 20251008090034.0
008 - FIXED-LENGTH DATA ELEMENTS--GENERAL INFORMATION
fixed length control field 250120b ||||| |||| 00| 0 eng d
020 ## - INTERNATIONAL STANDARD BOOK NUMBER
International Standard Book Number 9780440865797
040 ## - CATALOGING SOURCE
Transcribing agency KH8
082 ## - DEWEY DECIMAL CLASSIFICATION NUMBER
Classification number 823.914 MEA
100 ## - MAIN ENTRY--PERSONAL NAME
Personal name JACQUELINE WILSON
Relator term WILSON,JACQUELINE
245 ## - TITLE STATEMENT
Title BEST FRIENDS
260 ## - PUBLICATION, DISTRIBUTION, ETC.
Place of publication, distribution, etc. 557 Broadway, New York, NY 10012, USA
Name of publisher, distributor, etc. Cartwheel Books, an imprint of Scholastic Inc.
Date of publication, distribution, etc. 2010
300 ## - PHYSICAL DESCRIPTION
Extent 32 Pages
Other physical details color illustrations
Dimensions 23 cm X 20 cm
500 ## - GENERAL NOTE
General note "Based on the Rainbow Magic series"Cover.
520 ## - SUMMARY, ETC.
Summary, etc. Rachel and Kirsty are best friends—and when they find a magical world full of fairies, their friendship becomes the key to saving Fairyland!
521 ## - TARGET AUDIENCE NOTE
Target audience note Ages 5–8
650 ## - SUBJECT ADDED ENTRY--TOPICAL TERM
Source of heading or term Fairies
Topical term or geographic name entry element Juvenile fiction
650 ## - SUBJECT ADDED ENTRY--TOPICAL TERM
Source of heading or term Friendship
Topical term or geographic name entry element Juvenile fiction
650 ## - SUBJECT ADDED ENTRY--TOPICAL TERM
Source of heading or term Magic
Topical term or geographic name entry element Juvenile fiction
655 ## - INDEX TERM--GENRE/FORM
Genre/form data or focus term Fantasy fiction
655 ## - INDEX TERM--GENRE/FORM
Genre/form data or focus term Children’s stories
700 ## - ADDED ENTRY--PERSONAL NAME
Personal name Ripper, Georgie
Relator term illustrator
942 ## - ADDED ENTRY ELEMENTS (KOHA)
Source of classification or shelving scheme
Koha item type Books - Fiction
Holdings
Withdrawn status Lost status Source of classification or shelving scheme Damaged status Not for loan Permanent Location Current Location Date acquired Full call number Barcode Date last seen Price effective from
          KH8 Primary School Library KH8 Primary School Library 2025-01-20 823.914 KHPL000004800 2025-12-05 2025-01-20

Powered By KH8 IT Dept